书目信息 |
| 题名: |
自动控制理论
|
|
| 作者: | 尤小军 主编 | |
| 分册: | ||
| 出版信息: | 北京 中国电力出版社 2016.12 |
|
| 页数: | 265页 | |
| 开本: | 26cm | |
| 丛书名: | ||
| 单 册: | ||
| 中图分类: | TP13 | |
| 科图分类: | ||
| 主题词: | 自动控制理论--高等教育--教材 | |
| 电子资源: | ||
| ISBN: | 978-7-5123-9061-4 | |
| 000 | 00897nam0 2200241 450 | |
| 001 | 0400006625 | |
| 005 | 20171104163756.0 | |
| 010 | @a978-7-5123-9061-4@dCNY36.00 | |
| 100 | @a20170905d2016 em y0chiy50 ea | |
| 101 | 0 | @achi |
| 102 | @aCN@b110000 | |
| 105 | @ay z 000yy | |
| 106 | @ar | |
| 200 | 1 | @a自动控制理论@Azi dong kong zhi li lun@f尤小军主编 |
| 210 | @a北京@c中国电力出版社@d2016.12 | |
| 215 | @a265页@d26cm | |
| 300 | @a“十三五”普通高等教育本科规划教材 | |
| 330 | @a本书共分八章,内容包括自动控制与自动控制系统的基本概念,控制系统的数学模型,控制系统的时域分析法,根轨迹法,控制系统的频域分析法,控制系统的综合与校正,非线性控制系统,离散控制系统,MATLAB软件工具在控制系统分析和综合中的应用等。 | |
| 606 | 0 | @a自动控制理论@x高等教育@j教材 |
| 690 | @aTP13@v5 | |
| 701 | 0 | @a尤小军@Ayou xiao jun@4主编 |
| 801 | 0 | @aCN@b上海新华@c20171104 |
| 905 | @b1036511-5@dTP13@e140@f5 | |
| 自动控制理论/尤小军主编.-北京:中国电力出版社,2016.12 |
| 265页;26cm |
| “十三五”普通高等教育本科规划教材 |
| ISBN 978-7-5123-9061-4:CNY36.00 |
| 本书共分八章,内容包括自动控制与自动控制系统的基本概念,控制系统的数学模型,控制系统的时域分析法,根轨迹法,控制系统的频域分析法,控制系统的综合与校正,非线性控制系统,离散控制系统,MATLAB软件工具在控制系统分析和综合中的应用等。 |
| ● |
| 相关链接 |
|
|
|
|
正题名:自动控制理论
索取号:TP13/140
 
预约/预借
| 序号 | 登录号 | 条形码 | 馆藏地/架位号 | 状态 | 备注 |
| 1 | 1036511 | 210365111 | 第二样本阅览室/ [索取号:TP13/140] | 在馆 | |
| 2 | 1036512 | 210365120 | 第三借阅区/ [索取号:TP13/140] | 在馆 | |
| 3 | 1036513 | 210365139 | 密集书库—计算机科学学院/ [索取号:TP13/140] | 在馆 | |
| 4 | 1036514 | 210365148 | 第三借阅区/ [索取号:TP13/140] | 在馆 | |
| 5 | 1036515 | 210365157 | 第三借阅区/ [索取号:TP13/140] | 在馆 |